<?xml version="1.0" encoding="UTF-8"?>
<record
    xmlns:xsi="http://www.w3.org/2001/XMLSchema-instance"
    xsi:schemaLocation="http://www.loc.gov/MARC21/slim http://www.loc.gov/standards/marcxml/schema/MARC21slim.xsd"
    xmlns="http://www.loc.gov/MARC21/slim">

  <leader>00418nam a2200169   4500</leader>
  <controlfield tag="003">SEACOMEC</controlfield>
  <controlfield tag="005">20250819113844.0</controlfield>
  <controlfield tag="008">250819b        |||||||| |||| 00| 0 eng d</controlfield>
  <datafield tag="020" ind1=" " ind2=" ">
    <subfield code="a">0070086656</subfield>
    <subfield code="c">375</subfield>
  </datafield>
  <datafield tag="040" ind1=" " ind2=" ">
    <subfield code="a">SEACOMEC</subfield>
  </datafield>
  <datafield tag="082" ind1=" " ind2=" ">
    <subfield code="a">621.3822</subfield>
    <subfield code="b">N152</subfield>
  </datafield>
  <datafield tag="100" ind1=" " ind2=" ">
    <subfield code="a">Nagoor Kani, A. </subfield>
  </datafield>
  <datafield tag="245" ind1=" " ind2=" ">
    <subfield code="a">Digital Signal Processing</subfield>
    <subfield code="c">A. Nagoor Kani</subfield>
  </datafield>
  <datafield tag="250" ind1=" " ind2=" ">
    <subfield code="a">2nd ed.</subfield>
  </datafield>
  <datafield tag="260" ind1=" " ind2=" ">
    <subfield code="a">New Delhi</subfield>
    <subfield code="b">TMH</subfield>
    <subfield code="c">c2012</subfield>
  </datafield>
  <datafield tag="942" ind1=" " ind2=" ">
    <subfield code="c">BOOK</subfield>
  </datafield>
  <datafield tag="952" ind1=" " ind2=" ">
    <subfield code="0">0</subfield>
    <subfield code="1">0</subfield>
    <subfield code="2">ddc</subfield>
    <subfield code="4">0</subfield>
    <subfield code="7">0</subfield>
    <subfield code="a">SEACOMEC</subfield>
    <subfield code="b">SEACOMEC</subfield>
    <subfield code="d">2013-02-26</subfield>
    <subfield code="l">0</subfield>
    <subfield code="o">621.3822 N152</subfield>
    <subfield code="p">20077</subfield>
    <subfield code="r">2025-08-19 11:39:08</subfield>
    <subfield code="w">2025-08-19</subfield>
    <subfield code="y">BOOK</subfield>
  </datafield>
  <datafield tag="952" ind1=" " ind2=" ">
    <subfield code="0">0</subfield>
    <subfield code="1">0</subfield>
    <subfield code="2">ddc</subfield>
    <subfield code="4">0</subfield>
    <subfield code="7">0</subfield>
    <subfield code="a">SEACOMEC</subfield>
    <subfield code="b">SEACOMEC</subfield>
    <subfield code="d">2013-02-26</subfield>
    <subfield code="l">0</subfield>
    <subfield code="o">621.3822 N152</subfield>
    <subfield code="p">20078</subfield>
    <subfield code="r">2025-08-19 11:39:35</subfield>
    <subfield code="t">1</subfield>
    <subfield code="w">2025-08-19</subfield>
    <subfield code="y">BOOK</subfield>
  </datafield>
  <datafield tag="952" ind1=" " ind2=" ">
    <subfield code="0">0</subfield>
    <subfield code="1">0</subfield>
    <subfield code="2">ddc</subfield>
    <subfield code="4">0</subfield>
    <subfield code="7">0</subfield>
    <subfield code="a">SEACOMEC</subfield>
    <subfield code="b">SEACOMEC</subfield>
    <subfield code="d">2013-02-26</subfield>
    <subfield code="l">0</subfield>
    <subfield code="o">621.3822 N152</subfield>
    <subfield code="p">20079</subfield>
    <subfield code="r">2025-08-19 11:39:35</subfield>
    <subfield code="t">2</subfield>
    <subfield code="w">2025-08-19</subfield>
    <subfield code="y">BOOK</subfield>
  </datafield>
  <datafield tag="952" ind1=" " ind2=" ">
    <subfield code="0">0</subfield>
    <subfield code="1">0</subfield>
    <subfield code="2">ddc</subfield>
    <subfield code="4">0</subfield>
    <subfield code="7">0</subfield>
    <subfield code="a">SEACOMEC</subfield>
    <subfield code="b">SEACOMEC</subfield>
    <subfield code="d">2013-02-26</subfield>
    <subfield code="l">0</subfield>
    <subfield code="o">621.3822 N152</subfield>
    <subfield code="p">20080</subfield>
    <subfield code="r">2025-08-19 11:39:35</subfield>
    <subfield code="t">3</subfield>
    <subfield code="w">2025-08-19</subfield>
    <subfield code="y">BOOK</subfield>
  </datafield>
  <datafield tag="952" ind1=" " ind2=" ">
    <subfield code="0">0</subfield>
    <subfield code="1">0</subfield>
    <subfield code="2">ddc</subfield>
    <subfield code="4">0</subfield>
    <subfield code="7">0</subfield>
    <subfield code="a">SEACOMEC</subfield>
    <subfield code="b">SEACOMEC</subfield>
    <subfield code="d">2013-02-26</subfield>
    <subfield code="l">0</subfield>
    <subfield code="o">621.3822 N152</subfield>
    <subfield code="p">20081</subfield>
    <subfield code="r">2025-08-19 11:39:35</subfield>
    <subfield code="t">4</subfield>
    <subfield code="w">2025-08-19</subfield>
    <subfield code="y">BOOK</subfield>
  </datafield>
  <datafield tag="952" ind1=" " ind2=" ">
    <subfield code="0">0</subfield>
    <subfield code="1">0</subfield>
    <subfield code="2">ddc</subfield>
    <subfield code="4">0</subfield>
    <subfield code="7">0</subfield>
    <subfield code="a">SEACOMEC</subfield>
    <subfield code="b">SEACOMEC</subfield>
    <subfield code="d">2013-02-26</subfield>
    <subfield code="l">0</subfield>
    <subfield code="o">621.3822 N152</subfield>
    <subfield code="p">20082</subfield>
    <subfield code="r">2025-08-19 11:39:35</subfield>
    <subfield code="t">5</subfield>
    <subfield code="w">2025-08-19</subfield>
    <subfield code="y">BOOK</subfield>
  </datafield>
  <datafield tag="952" ind1=" " ind2=" ">
    <subfield code="0">0</subfield>
    <subfield code="1">0</subfield>
    <subfield code="2">ddc</subfield>
    <subfield code="4">0</subfield>
    <subfield code="7">0</subfield>
    <subfield code="a">SEACOMEC</subfield>
    <subfield code="b">SEACOMEC</subfield>
    <subfield code="d">2013-02-26</subfield>
    <subfield code="l">0</subfield>
    <subfield code="o">621.3822 N152</subfield>
    <subfield code="p">20083</subfield>
    <subfield code="r">2025-08-19 11:39:35</subfield>
    <subfield code="t">6</subfield>
    <subfield code="w">2025-08-19</subfield>
    <subfield code="y">BOOK</subfield>
  </datafield>
  <datafield tag="952" ind1=" " ind2=" ">
    <subfield code="0">0</subfield>
    <subfield code="1">0</subfield>
    <subfield code="2">ddc</subfield>
    <subfield code="4">0</subfield>
    <subfield code="7">0</subfield>
    <subfield code="a">SEACOMEC</subfield>
    <subfield code="b">SEACOMEC</subfield>
    <subfield code="d">2013-02-26</subfield>
    <subfield code="l">0</subfield>
    <subfield code="o">621.3822 N152</subfield>
    <subfield code="p">20084</subfield>
    <subfield code="r">2025-08-19 11:39:35</subfield>
    <subfield code="t">7</subfield>
    <subfield code="w">2025-08-19</subfield>
    <subfield code="y">BOOK</subfield>
  </datafield>
  <datafield tag="952" ind1=" " ind2=" ">
    <subfield code="0">0</subfield>
    <subfield code="1">0</subfield>
    <subfield code="2">ddc</subfield>
    <subfield code="4">0</subfield>
    <subfield code="7">0</subfield>
    <subfield code="a">SEACOMEC</subfield>
    <subfield code="b">SEACOMEC</subfield>
    <subfield code="d">2013-02-26</subfield>
    <subfield code="l">0</subfield>
    <subfield code="o">621.3822 N152</subfield>
    <subfield code="p">20085</subfield>
    <subfield code="r">2025-08-19 11:39:35</subfield>
    <subfield code="t">8</subfield>
    <subfield code="w">2025-08-19</subfield>
    <subfield code="y">BOOK</subfield>
  </datafield>
  <datafield tag="952" ind1=" " ind2=" ">
    <subfield code="0">0</subfield>
    <subfield code="1">0</subfield>
    <subfield code="2">ddc</subfield>
    <subfield code="4">0</subfield>
    <subfield code="7">0</subfield>
    <subfield code="a">SEACOMEC</subfield>
    <subfield code="b">SEACOMEC</subfield>
    <subfield code="d">2013-02-26</subfield>
    <subfield code="l">0</subfield>
    <subfield code="o">621.3822 N152</subfield>
    <subfield code="p">20086</subfield>
    <subfield code="r">2025-08-19 11:39:35</subfield>
    <subfield code="t">9</subfield>
    <subfield code="w">2025-08-19</subfield>
    <subfield code="y">BOOK</subfield>
  </datafield>
  <datafield tag="999" ind1=" " ind2=" ">
    <subfield code="c">2424</subfield>
    <subfield code="d">2424</subfield>
  </datafield>
</record>
